| 000 | 00821nam a22002177a 4500 | ||
|---|---|---|---|
| 999 |
_c14133 _d14133 |
||
| 003 | AR-CdUCM | ||
| 008 | 190422b ||||| |||| 00| 0 spa d | ||
| 040 |
_aMUNICIPALIDAD PROVINCIAL DEL CUSCO _cBIBLIOTECA MUNICIPAL DEL CUSCO |
||
| 082 |
_aC / 985.03 / _bV17 |
||
| 100 |
_aValcarcel, Daniel _91727 |
||
| 245 | _aRebeliones indígenas / | ||
| 260 |
_aLima : _bPTCM, _c1946. |
||
| 300 |
_a176 páginas ; _bfotografías. _c21 cm. |
||
| 505 | _aBreve historia de las rebeliones indígenas en el siglo XVIII -- Alborotos locales del Curaca Ignacio Torote -- Situación general en los virreynatos del Perú y de Buenos Aires... | ||
| 650 |
_aRebeliones indígenas. _931521 |
||
| 650 |
_aVirreinato. _96280 |
||
| 650 |
_aColonia. _91685 |
||
| 650 |
_aIndependencia. _9625 |
||
| 942 |
_2ddc _cLIBROS |
||
| 945 |
_awfj _d2019-04-22 |
||